| 000 | 00748 a2200169 4500 | ||
|---|---|---|---|
| 003 | Nust | ||
| 005 | 20221123124232.0 | ||
| 040 | _cNust | ||
| 082 | _a621.381,ZEI | ||
| 100 |
_aZeines Ben _9103413 |
||
| 245 |
_aPrinciples of industrial electronics / _cBen Zeines |
||
| 260 |
_aAmerica _bMcGraw-Hill book co. _c1966 |
||
| 300 | _av,378p | ||
| 505 | _aProcess Controls (Page-1), Gaseous Tubes (Page-9), Semiconductor Devices (Page-40), Industrial Electronic Amplifier (Page-70), Photoelectric Devices (Page-108), Radio – Frequency Heating (Page-149), Electronic Motor Control (Page-195), Servomechanisms (Page-237), Analog Computer (Page-277), Digital Computer Circuits (Page-298). | ||
| 650 | _aTelecommunication Engineering | ||
| 942 |
_2ddc _cBK |
||
| 999 |
_c190575 _d190575 |
||